000 00965nam a2200253 a 4500
001 52416
003 BD-RjUL
005 20211209075813.0
008 160920s2003 bg ||||| |||| 00| 0 ben d
020 _c: TK 50.00
035 _a(BD-RjUL)52536
040 _aBD-RjUL
_bben
_cBD-RjUL
041 _aben
082 _a891.443
_bCHK 2003
100 _aচট্টোপাধ্যায়, বঙ্কিমচন্দ্র
_9116961
245 1 0 _aকমলাকান্তের দপ্তর /
_cবঙ্কিমচন্দ্র চট্টোপাধ্যায়
250 _a৬ষ্ঠ সং.
260 _aঢাকা :
_bমুক্তধারা,
_c২০০৩
300 _a১২২ পৃ. ;
_c২২ সেমি.
650 _aবাংলা উপন্যাস
_9116625
650 _aBengali Fiction
_9116586
700 _aগুপ্ত, ক্ষেত্র, সম্পাদক
_9122954
942 _2ddc
_cBK
_02
999 _c52416
_d52416